000 00533nam a2200193 a 4500
001 1771681179750
003 YourLibrary
005 20260221191139.0
008 260221s2005##################000#0#eng##
020 _a9780231132824
082 0 4 _a320.94709041
_bHAI
100 1 _aHaimson, Leopold H.,
_eauthor.
245 1 0 _aRussia's Revolutionary Experience, 1905-1917 :
260 _bColumbia University Press,
_c2005.
300 _a302 pages
650 0 _aHistory.
942 _cENGLISH
040 _aYourLibrary
_beng
_cYourLibrary
999 _c615396
_d615396